Obchodovanie na akciových trhoch bakalárska práca

Gespeichert in:
Bibliographische Detailangaben
1. Verfasser: Markech, Michal
Körperschaft: Fakulta podnikového manažmentu EU. Katedra podnikových financií
Weitere Verfasser: Badura, Peter, 1978-
Format: Buch
Sprache:Slowakisch
Veröffentlicht: Bratislava 2014
Tags: Tag hinzufügen
Keine Tags, Fügen Sie das erste Tag hinzu!

MARC

LEADER 00000nbm a2200000 4500
001 0189525
005 20170201091047.0
041 0 |a slo 
044 |a SK 
245 1 0 |a Obchodovanie na akciových trhoch  |b bakalárska práca  |c Michal Markech ; školiteľ: Peter Badura 
264 1 |a Bratislava  |c 2014 
300 |a 44 s. 
100 1 |a Markech, Michal 
700 1 |a Badura, Peter, 1978- 
710 2 |a Fakulta podnikového manažmentu EU. Katedra podnikových financií